<?xml version="1.0" encoding="UTF-8"?>
<record
    xmlns:xsi="http://www.w3.org/2001/XMLSchema-instance"
    xsi:schemaLocation="http://www.loc.gov/MARC21/slim http://www.loc.gov/standards/marcxml/schema/MARC21slim.xsd"
    xmlns="http://www.loc.gov/MARC21/slim">

  <leader>00874nam a22002057a 4500</leader>
  <controlfield tag="003">0</controlfield>
  <controlfield tag="005">20250214122619.0</controlfield>
  <controlfield tag="008">250214b        xxu||||| |||| 00| 0 eng d</controlfield>
  <datafield tag="050" ind1=" " ind2=" ">
    <subfield code="a">BF 531-563</subfield>
    <subfield code="b">.G37 2024</subfield>
  </datafield>
  <datafield tag="100" ind1=" " ind2=" ">
    <subfield code="a">Garcia , Joshane Azhley A. </subfield>
  </datafield>
  <datafield tag="245" ind1=" " ind2=" ">
    <subfield code="a">The influence of child birth satisfaction on mental health outcomes among middle-aged first-time mothers.</subfield>
    <subfield code="c">Joshane Azhley A. Garcia</subfield>
  </datafield>
  <datafield tag="260" ind1=" " ind2=" ">
    <subfield code="a">Las Pinas City</subfield>
    <subfield code="b">Southville International School and Colleges</subfield>
    <subfield code="c">2024</subfield>
  </datafield>
  <datafield tag="300" ind1=" " ind2=" ">
    <subfield code="a">xi, 282 pages;</subfield>
    <subfield code="c">28cm. </subfield>
  </datafield>
  <datafield tag="500" ind1=" " ind2=" ">
    <subfield code="a">Bachelor of Science in Psychology</subfield>
  </datafield>
  <datafield tag="504" ind1=" " ind2=" ">
    <subfield code="a">Includes bibliographical references and appendices.</subfield>
  </datafield>
  <datafield tag="650" ind1=" " ind2=" ">
    <subfield code="a">Childbirth Satisfaction&#x2014;Psychological Effects on Mothers.</subfield>
  </datafield>
  <datafield tag="650" ind1=" " ind2=" ">
    <subfield code="a">Maternal Mental Health&#x2014;Impact of First-Time Motherhood.</subfield>
  </datafield>
  <datafield tag="650" ind1=" " ind2=" ">
    <subfield code="a">Middle-Aged Mothers&#x2014;Psychosocial and Emotional Well-being.</subfield>
  </datafield>
  <datafield tag="942" ind1=" " ind2=" ">
    <subfield code="2">lcc</subfield>
    <subfield code="c">TH</subfield>
  </datafield>
  <datafield tag="999" ind1=" " ind2=" ">
    <subfield code="c">367222</subfield>
    <subfield code="d">367222</subfield>
  </datafield>
  <datafield tag="952" ind1=" " ind2=" ">
    <subfield code="0">0</subfield>
    <subfield code="1">0</subfield>
    <subfield code="2">lcc</subfield>
    <subfield code="4">0</subfield>
    <subfield code="a">CL</subfield>
    <subfield code="b">CL</subfield>
    <subfield code="c">THESES</subfield>
    <subfield code="d">2025-02-14</subfield>
    <subfield code="e">DONATION</subfield>
    <subfield code="l">0</subfield>
    <subfield code="o">BF 531-563 .G37 2024</subfield>
    <subfield code="p">T1420</subfield>
    <subfield code="r">2025-02-14 00:00:00</subfield>
    <subfield code="w">2025-02-14</subfield>
    <subfield code="y">TH</subfield>
  </datafield>
</record>
